Sams teach yourself ASP.NET 3.5 in 24 hours : (Record no. 11470)
[ view plain ]
| 000 -LEADER | |
|---|---|
| fixed length control field | 01367cam a2200349 a 4500 |
| 001 - CONTROL NUMBER | |
| control field | 15240883 |
| 005 - DATE AND TIME OF LATEST TRANSACTION | |
| control field | 20080702153841.0 |
| 008 - FIXED-LENGTH DATA ELEMENTS--GENERAL INFORMATION | |
| fixed length control field | 080331s2008 inua 001 0 eng |
| 010 ## - LIBRARY OF CONGRESS CONTROL NUMBER | |
| LC control number | 2008014770 |
| 015 ## - NATIONAL BIBLIOGRAPHY NUMBER | |
| National bibliography number | GBA870911 |
| Source | bnb |
| 016 7# - NATIONAL BIBLIOGRAPHIC AGENCY CONTROL NUMBER | |
| Record control number | 014626979 |
| Source | Uk |
| 020 ## - INTERNATIONAL STANDARD BOOK NUMBER | |
| International Standard Book Number | 0672329972 |
| 020 ## - INTERNATIONAL STANDARD BOOK NUMBER | |
| International Standard Book Number | 9780672329975 |
| 035 ## - SYSTEM CONTROL NUMBER | |
| System control number | (OCoLC)ocn212858036 |
| 035 ## - SYSTEM CONTROL NUMBER | |
| System control number | (OCoLC)212858036 |
| 040 ## - CATALOGING SOURCE | |
| Original cataloging agency | DLC |
| Transcribing agency | DLC |
| Modifying agency | BTCTA |
| -- | BAKER |
| -- | YDXCP |
| -- | UKM |
| -- | C#P |
| -- | DLC |
| 050 00 - LIBRARY OF CONGRESS CALL NUMBER | |
| Classification number | TK5105.8885.A26 |
| Item number | M587 2008 |
| 082 00 - DEWEY DECIMAL CLASSIFICATION NUMBER | |
| Classification number | 005.276 |
| Edition number | 22 |
| Item number | MIT |
| 100 1# - MAIN ENTRY--PERSONAL NAME | |
| Personal name | Mitchell, Scott. |
| 9 (RLIN) | 4492 |
| 245 10 - TITLE STATEMENT | |
| Title | Sams teach yourself ASP.NET 3.5 in 24 hours : |
| Remainder of title | complete starter kit / |
| Statement of responsibility, etc | Scott Mitchell. |
| 246 30 - VARYING FORM OF TITLE | |
| Title proper/short title | ASP.NET 3.5 complete starter kit |
| 260 ## - PUBLICATION, DISTRIBUTION, ETC. (IMPRINT) | |
| Place of publication, distribution, etc | Indianapolis, Ind. : |
| Name of publisher, distributor, etc | Sams, |
| Date of publication, distribution, etc | c2008. |
| 300 ## - PHYSICAL DESCRIPTION | |
| Extent | xii, 628 p. : |
| Other physical details | ill. ; |
| Dimensions | 23 cm. + |
| Accompanying material | 1 DVD-ROM (4 3/4 in.). |
| 440 #0 - | |
| -- | Sams teach yourself |
| -- | 4493 |
| 500 ## - GENERAL NOTE | |
| General note | Includes index. |
| 630 00 - SUBJECT ADDED ENTRY--UNIFORM TITLE | |
| Uniform title | Active server pages. |
| 9 (RLIN) | 4494 |
| 650 #0 - SUBJECT ADDED ENTRY--TOPICAL TERM | |
| Topical term or geographic name as entry element | Web sites |
| General subdivision | Design. |
| 9 (RLIN) | 4495 |
| 650 #0 - SUBJECT ADDED ENTRY--TOPICAL TERM | |
| Topical term or geographic name as entry element | Microsoft .NET. |
| 9 (RLIN) | 4496 |
| 942 ## - ADDED ENTRY ELEMENTS (KOHA) | |
| Source of classification or shelving scheme | Dewey Decimal Classification |
| Item type | Book - Borrowing |
| Withdrawn status | Item status | Source of classification or shelving scheme | Damaged status | Not for loan | Vendor | Home library | Current library | Shelving location | Date acquired | Source of acquisition | Cost, normal purchase price | Serial Enumeration / chronology | Total Checkouts | Total Renewals | Full call number | Barcode | Date last seen | Date last borrowed | Koha item type |
|---|---|---|---|---|---|---|---|---|---|---|---|---|---|---|---|---|---|---|---|
| Dewey Decimal Classification | Alahram | Central Library | Central Library | Lower Floor | 30/04/2009 | 216.50 | 378 | 4 | 3 | 005.276 MIT | 000016323 | 15/07/2025 | 18/06/2015 | Book - Borrowing |